| 000 | 01138nac a22002771i 4500 | ||
|---|---|---|---|
| 003 | EG-ScBUE | ||
| 005 | 20240328101852.0 | ||
| 008 | 240328r19361908enkb f 000 0 eng d | ||
| 035 | _a(OCoLC)2634408 | ||
| 040 |
_aEG-ScBUE _beng _erda _cEG-ScBUE _dEG-ScBUE |
||
| 043 | _ae------ | ||
| 082 | 0 | 4 |
_a940.2 _bTAN _222 |
| 100 | 1 |
_aTanner, Emmeline M. _q(Emmeline Mary), _d1876-1955, _eauthor. |
|
| 245 | 1 | 4 |
_aThe renaissance and the reformation : _ba textbook of European history 1494-1610 / _cby Emmeline M. Tanner, B. A., Head Mistress of Nuneaton High School for Girls, formerly History Mistress at Sherborne School for Girls ; with a preface by Beatrice C. Mulliner, Head Mistress of Sherborne School for Girls. |
| 250 | _aReprint edition. | ||
| 264 | 1 |
_aOxford : _bThe Clarendon Press, _c1936. |
|
| 300 |
_axii, 307, [1] pages : _bmaps ; _c20 cm |
||
| 336 |
_2rdacontent _atext _btxt |
||
| 337 |
_aunmediated _2rdamedia _bn |
||
| 338 |
_avolume _bnc _2rdacarrier |
||
| 650 | 7 |
_aReformation. _2BUEsh |
|
| 651 | 7 |
_aEurope _xHistory _y1492-1648. _2BUEsh |
|
| 655 | _vReading book | ||
| 942 |
_cBB _2ddc |
||
| 999 |
_c1823 _d1823 |
||